Chansons de Michael Jackson (Mort subite) - Statistiques

Statistiques générales
  • Ce quiz a été pris 5 931 fois
  • Le résultat moyen est 13 sur 20
Answers on the Grid
Answers color-coded by a green-red scale on the quiz's grid according to % correct below.
Ben
Don't stop 'til you get enough
Rock with you
Billie Jean
Beat it
Wanna be startin' somethin'
Thriller
I just can't stop loving you
Bad
Dirty Diana
Another part of me
Smooth criminal
Liberian girl
Black or white
Jam
Heal the world
Earth song
They don't care about us
You rock my world
P.Y.T. (Pretty Young Thing)
Like a prayer
Hips don't lie
Around the world
Satisfaction
Hey Jude
The final countdown
Take on me
Big in Japan
Titanium
Sunday bloody sunday
Zombie
Another one bites the dust
Ride like the wind
Stairway to heaven
Still loving you
Kiss
Careless whisper
I'm still standing
California love
Nothing really matters
 
Statistiques - réponses
Réponse % Correct
Billie Jean
87%
Thriller
87%
Beat it
86%
Bad
81%
Smooth criminal
81%
Black or white
77%
They don't care about us
74%
Dirty Diana
72%
Earth song
69%
Heal the world
65%
Rock with you
65%
You rock my world
64%
Don't stop 'til you get enough
63%
Wanna be startin' somethin'
62%
P.Y.T. (Pretty Young Thing)
58%
Liberian girl
57%
I just can't stop loving you
44%
Jam
42%
Another part of me
37%
Ben
36%
Aucun quiz correspondant
Distribution des résultats
% des personnes avec chaque résultat
Percentile par nombre de réponses
Votre historique - résultats
Vous n’avez pas pris ce quiz